Principles of highway engineering and traffic analysis (Record no. 3014)

000 -LEADER
fixed length control field 00748nam a2200241 a 4500
001 - CONTROL NUMBER
control field 3014
003 - CONTROL NUMBER IDENTIFIER
control field BD-DhUET
008 - FIXED-LENGTH DATA ELEMENTS--GENERAL INFORMATION
fixed length control field 120109s2013 njua 001 0 eng
020 ## - INTERNATIONAL STANDARD BOOK NUMBER
International Standard Book Number 9781118471395
040 ## - CATALOGING SOURCE
Original cataloging agency DLC
Transcribing agency DLC
Modifying agency BD-DhUET
082 00 - DEWEY DECIMAL CLASSIFICATION NUMBER
Classification number 625
Item number MAN/2013
100 1# - MAIN ENTRY--PERSONAL NAME
Personal name Mannering, Fred L.
245 10 - TITLE STATEMENT
Title Principles of highway engineering and traffic analysis
Statement of responsibility, etc. by Fred L. Mannering and Scott S. Washburn.
250 ## - EDITION STATEMENT
Edition statement 5th ed.
260 ## - PUBLICATION, DISTRIBUTION, ETC. (IMPRINT)
Place of publication, distribution, etc. New Jersey:
Name of publisher, distributor, etc. John wiley & sons,
Date of publication, distribution, etc. 2013.
300 ## - PHYSICAL DESCRIPTION
Extent xii,330p.
504 ## - BIBLIOGRAPHY, ETC. NOTE
Bibliography, etc Includes bibliographies
650 #0 - SUBJECT ADDED ENTRY--TOPICAL TERM
Topical term or geographic name as entry element Highway engineering.
650 #0 - SUBJECT ADDED ENTRY--TOPICAL TERM
Topical term or geographic name as entry element Traffic engineering.
700 1# - ADDED ENTRY--PERSONAL NAME
Personal name Washburn, Scott S.
856 42 - ELECTRONIC LOCATION AND ACCESS
Uniform Resource Identifier http://catalogimages.wiley.com/images/db/jimages/9781118120149.jpg
942 ## - ADDED ENTRY ELEMENTS (KOHA)
Koha item type General Book
Holdings
Date acquired Koha normalized classification for sorting Location (home branch) Piece designation (barcode) Not for loan Damaged status Koha date last seen Koha item type Sublocation or collection (holding branch) Koha issues (times borrowed) Source of classification or shelving scheme Koha full call number Withdrawn status Price effective from Koha date last borrowed Copy number Lost status Koha out on loan Shelving location
2014-10-18625MAN2013Central Library, BUET112783  2022-12-20General BookCentral Library, BUET1 625/MAN/2013 2014-10-182022-12-051  Circulation section
2015-11-15625_000000000000000_MAN_2013Central Library, BUET113629  2016-04-10General BookCentral Library, BUET1 625/MAN/2013 2015-11-152016-04-102 2017-04-10Circulation section